| 000 | 00616nam a2200229 a 4500 | ||
|---|---|---|---|
| 001 | 2379918 | ||
| 005 | 20180220040350.0 | ||
| 008 | 840905s1984 nyuaf b 001 0 eng | ||
| 010 | _a 84210201 | ||
| 020 | _a0961300019 | ||
| 040 |
_aDLC _cDLC _dDLC |
||
| 041 | _aeng | ||
| 043 | _an-us--- | ||
| 080 | _a610.79 jud | ||
| 082 | 0 | 0 |
_a610.79 jud _219 |
| 100 | 1 | _a4 | |
| 101 | _ashm | ||
| 245 | 1 | 4 |
_aThe greatest good : _cby Judith S. Jacobson. |
| 504 | _aBibliography: p. 257-282. | ||
| 906 |
_a7 _bcbc _corignew _d2 _encip _f19 _gy-gencatlg |
||
| 942 |
_2ddc _cBK |
||
| 999 |
_c42883 _d42883 |
||